000
00280nam a2200097Ia 4500
082
_a
J 520.90 GREA
245
0
_a
Skygazers : from Hypatia to Faber
100
_a
Greathouse, Lisa E. Minneapolis, MN, 2009
_9
84693
942
_c
BK
008
210817s9999 xx 000 0 und d
999
_c
311509
_d
311509